Music Quiz

Random Music or Song Quiz
Score 0/20 Timer 05:00
0 Plays Today
Question Answer Wrong Answers
Bohemian Rhapsody
Don't Stop Me Now
Somebody to Love
Queen
95.8%
Kings of Leon
0.3%
Lady Antebellum
0.3%
Duke Jupiter
0.2%
Moves Like Jagger
This Love
She Will Be Loved
Maroon 5
94.4%
The Jackson 5
0.8%
5 Seconds of Summer
1.4%
Ben Folds Five
1.7%
Boulevard of Broken Dreams
Basket Case
Good Riddance (Time of Your Life)
Green Day
91.9%
Blue Öyster Cult
2.3%
Yellowcard
1%
Black Sabbath
1.5%
Fell In Love With a Girl
Icky Thump
Seven Nation Army
The White Stripes
89.1%
Cream
1.6%
Whitesnake
4.4%
White Lion
2.5%
How You Remind Me
Photograph
Rockstar
Nickelback
89%
50 Cent
2.8%
Pennywise
1.7%
Quarterflash
2.6%
California Dreamin'
Dedicated to the One I Love
Monday, Monday
The Mamas & the Papas
85.7%
The Allman Brothers Band
6.1%
Scissor Sisters
3.3%
The Mothers of Invention
1.6%
Carry on Wayward Son
Point of Know Return
Song for America
Kansas
84.9%
Alabama
7.7%
Alaska!
3%
Missouri
1.5%
Barbie Girl
My Oh My
Turn Back Time
Aqua
81.7%
Oasis
5.7%
Beach Boys
3.2%
Katrina and the Waves
7%
(They Long to Be) Close to You
Yesterday Once More
We've Only Just Begun
Carpenters
81.6%
Police
7.7%
The Dead Milkmen
3.8%
Mike + The Mechanics
5.6%
Love Song
Friday, I'm in Love
Just Like Heaven
The Cure
80.9%
Antidote
2.7%
Poison
9.4%
Venom
2.7%
Go West
It's a Sin
West End Girls
Pet Shop Boys
80.5%
The Animals
4.7%
Beastie Boys
9.5%
Beast
1.9%
Here Without You
Kryptonite
When I'm Gone
3 Doors Down
80.2%
Zero 7
3.4%
One Direction
10.4%
2 Unlimited
3.4%
Chasing Cars
Open Your Eyes
Run
Snow Patrol
75.5%
Icehouse
3.9%
The Icicle Works
1.5%
Coldplay
16.1%
Don't Bring Me Down
Living Thing
Hold On Tight
Electric Light Orchestra
75.2%
AC/DC
9.5%
Tesla
7.4%
Dr. Teeth and the Electric Mayhem
5.5%
Do I Wanna Know?
Fluorescent Adolescent
I Bet You Look Good on the Dancefloor
Arctic Monkeys
73.9%
Fleet Foxes
5.8%
Gorillaz
12.1%
Noah and the Whale
3.9%
Beyond the Realms of Death
Breakin' the Law
Living After Midnight
Judas Priest
70.3%
Bad Religion
7.7%
Black Sabbath
14.7%
Faith No More
5%
Holding Back the Years
If You Don't Know Me by Now
Something Got Me Started
Simply Red
69.8%
King Crimson
13.4%
Pink Floyd
7.2%
Red Hot Chili Peppers
5.6%
Funkytown
How Long
Rock It
Lipps Inc.
63.3%
Black Lips
13.5%
Glassjaw
6.7%
Smash Mouth
12.9%
Angel of Death
Raining Blood
War Ensemble
Slayer
50.9%
Megadeth
31.9%
Grateful Dead
8.3%
Dead Kennedys
6.7%
Be My Baby
Walkin' in the Rain
Baby, I Love You
The Ronettes
42.7%
The Supremes
26.9%
The Shirelles
13.8%
The Shangri-Las
12.3%
Remove Ads.
Support Sporcle.
Get the best of Sporcle when you Go Orange. This ad-free experience offers more features, more stats, and more fun while also helping to support Sporcle. Thank you for becoming a member.

You're not logged in!

Compare scores with friends on all Sporcle quizzes.
OR
Log In

Show Comments

Extras

Top Quizzes Today


Score Distribution

Your Account Isn't Verified!

In order to create a playlist on Sporcle, you need to verify the email address you used during registration. Go to your Sporcle Settings to finish the process.

Report this User

Report this user for behavior that violates our Community Guidelines.

Details: